00517nmm a2200169Ia 4500008004100000020001800041041000800059100002900067245006100096264003900157300001800196490002600214650003200240856005100272942000700323999001700330251105s9999||||xx |||||||||||||||||und|| a9788446040101 aspa aIglesias, Pablo (coord.) 0aGanar o morir : lecciones políticas en Juego de Tronos a[Madrid, España] :bAkal, c2014 a288 páginas aPensamiento crítico aPolitical Science (General) uhttps://public.digitaliapublishing.com/a/41929 cCF c82995d82995